000 00509nam a2200145Ia 4500
008 100204s9999 xx 000 0 und d
082 _b4195
100 _aदत्ता केशव
245 _aमाझा कुणा म्हणू मी ?
260 _b"परचुरे प्रकाशन , मुंबई"
_c1968
300 _a6+89
630 _aमाझा कुणा म्हणू मी ?
730 _aमाझा कुणा म्हणू मी ?
942 _cBOOK
999 _c448995
_d448992